| 000 | 01161nam a22003377a 4500 | ||
|---|---|---|---|
| 003 | CHAP | ||
| 005 | 20220329140037.0 | ||
| 008 | 971013s1969 r 00010 d | ||
| 010 | _a46117 | ||
| 011 | _a47089 | ||
| 035 | _a51230 | ||
| 040 | _cCHAP | ||
| 082 |
_a050.25 _bU55 1969 |
||
| 100 | 0 | 0 |
_aUnión de Asociaciones Internacionales. _9116210 |
| 245 | _aDirectory of periodicals published by international organizations | ||
| 250 | _a3 ed. | ||
| 260 |
_aBruselas : _bUnión de Asociaciones Internationales, _c1969 |
||
| 300 | _a240 p. | ||
| 590 |
_aBATCH-UPD _b10 _c20130109 _lUCH01 _h2330 |
||
| 590 |
_aBATCH-UPD _b10 _c20130110 _lUCH01 _h0117 |
||
| 590 |
_aBATCH-UPD _b10 _c20130110 _lUCH01 _h2317 |
||
| 590 |
_aBATCH-UPD _b10 _c20130409 _lUCH01 _h1855 |
||
| 590 |
_aBATCH-UPD _b10 _c20130410 _lUCH01 _h1608 |
||
| 590 |
_aBATCH-UPD _b10 _c20130914 _lUCH01 _h1851 |
||
| 590 |
_aCONVERSION _b10 _c20130109 _lUCH01 _h1325 |
||
| 650 | 1 | 4 |
_aOrganismos internacionales _xPublicaciones periódicas. _983523 |
| 650 | 1 | 4 |
_aPublicaciones periódicas _xDirectorios. _992720 |
| 901 | _aBK | ||
| 942 | _cLIBRO | ||
| 949 |
_a050.25 U55 1969 _bBC _cB _d-114731 _eB _h60756 _i51230 _si |
||
| 999 |
_c46117 _d46117 |
||